| 000 | 00426nam a2200157Ia 4500 | ||
|---|---|---|---|
| 008 | 230312s9999||||xx |||||||||||||| ||und|| | ||
| 020 | _a81-309-0821-2 | ||
| 082 |
_a537 _bGOD-S |
||
| 100 | _aGoodman,Joseph.W | ||
| 245 | 0 | _aSpeckle Phenomena in Optics | |
| 260 |
_bViva Books _aIndia _c2008 |
||
| 300 | _a387 | ||
| 546 | _aEng. | ||
| 650 |
_aEngineering _vOrigins and Manifestations of Speckle,Random Phasor Sums |
||
| 942 | _cBK | ||
| 999 |
_c1783 _d1783 |
||